000 00270nam a22001217a 4500
008 181019b xxu||||| |||| 00| 0 eng d
041 _aeng
080 _a617
100 _a8
101 _aORT
245 _aA Color Atlas of Foot Disorders
_cLuces, J.R
942 _2udc
_cBK
999 _c50300
_d50300